| 000 | 00968nam a22002895a 4500 | ||
|---|---|---|---|
| 999 |
_c15422 _d15422 |
||
| 001 | 307266 | ||
| 003 | EG-ScBUE | ||
| 005 | 20210131115910.0 | ||
| 008 | 730817s2005 enk f 000 1 eng d | ||
| 020 | _a9780006179313 | ||
| 040 |
_aDLC _beng _erda _cDLC _dDLC _dEG-ScBUE |
||
| 082 | 0 | 4 |
_a813.54 _bSHE _222 |
| 100 | 1 |
_aSheldon, Sidney, _eauthor. _924203 |
|
| 245 | 1 | 4 |
_aThe other side of midnight / _cSidney Sheldon. |
| 264 | 1 |
_aLondon : _bHarper Collins Publishers, _c2005. |
|
| 300 |
_a598 pages ; _c21 cm |
||
| 336 |
_2rdacontent _atext _btxt |
||
| 337 |
_2rdamedia _aunmediated _bn |
||
| 338 |
_2rdacarrier _avolume _bnc |
||
| 650 | 7 |
_aCapitalists and financiers _xFiction. _2BUEsh _924204 |
|
| 650 | 7 |
_aAmericans _zEurope _xFiction. _2BUEsh _924205 |
|
| 650 | 7 |
_aMarried women _xFiction. _2BUEsh _924206 |
|
| 651 | 7 |
_aGreece _xFiction. _2BUEsh _924207 |
|
| 653 |
_cAugust2015 _dBestSellers _bHHUUEENN |
||
| 655 | 7 |
_aAdventure stories. _2gsafd _vReading book |
|
| 942 |
_2ddc _cBB |
||